书目信息 |
| 题名: |
城市色彩规划原理
|
|
| 作者: | 吴松涛 , ,常兵 编著 | |
| 分册: | ||
| 出版信息: | 北京 中国建筑工业出版社 2012.05 |
|
| 页数: | 169页 | |
| 开本: | 26cm | |
| 丛书名: | ||
| 单 册: | ||
| 中图分类: | TU984 | |
| 科图分类: | ||
| 主题词: | 城市规划--cheng shi gui hua--色彩 | |
| 电子资源: | ||
| ISBN: | 978-7-112-13878-4 | |
| 000 | 00968nam0 2200277 450 | |
| 001 | 0100004010 | |
| 005 | 20191028110858.56 | |
| 010 | @a978-7-112-13878-4@dCNY88.00 | |
| 100 | @a20120614d2012 em y0chiy50 ea | |
| 101 | 0 | @achi |
| 102 | @aCN@b110000 | |
| 105 | @aak z 000yy | |
| 200 | 1 | @a城市色彩规划原理@d= Urban color planning principle@f吴松涛, 常兵编著@Fwu song tao , chang bing bian zhu@zeng |
| 210 | @a北京@c中国建筑工业出版社@d2012.05 | |
| 215 | @a169页@c彩图@d26cm | |
| 330 | @a本书以城市色彩规划的基础理论探索为基础, 对城市色彩规划的工作原理予以阐释, 进而指导人们有效地开展相关规划工作。 | |
| 510 | 1 | @a= Urban color planning principle |
| 540 | @a城市色彩规划原理 | |
| 606 | 0 | @a城市规划@Acheng shi gui hua@x色彩 |
| 690 | @aTU984@v5 | |
| 701 | 0 | @a吴松涛@9wu song tao@4编著 |
| 701 | 1 | @a,常兵@9, chang bing@4编著 |
| 801 | @aCN@c20130701 | |
| 901 | @a012 | |
| 905 | @eW866@dTU984@a23412@b1099862-4 | |
| 998 | @cbm003c-2012.06.14 14:34:09 | |
| 城市色彩规划原理= Urban color planning principle/吴松涛, 常兵编著.-北京:中国建筑工业出版社,2012.05 |
| 169页:彩图;26cm |
| ISBN 978-7-112-13878-4:CNY88.00 |
| 本书以城市色彩规划的基础理论探索为基础, 对城市色彩规划的工作原理予以阐释, 进而指导人们有效地开展相关规划工作。 |
| ● |
| 相关链接 |
|
|
|
正题名:城市色彩规划原理
索取号:TU984/W866
 
预约/预借
| 序号 | 登录号 | 条形码 | 馆藏地/架位号 | 状态 | 备注 |
| 1 | 1099862 | 210998624 | 建筑库201/201建筑库 61排3列1层/ [索取号:TU984/W866] | 在馆 | |
| 2 | 1099863 | 210998633 | 建筑库201/201建筑库 61排3列1层/ [索取号:TU984/W866] | 在馆 | |
| 3 | 1099864 | 210998642 | 建筑库201/201建筑库 61排3列1层/ [索取号:TU984/W866] | 在馆 | |
| 4 | 1454551 | 214545517 | 建筑库201/201建筑库 61排3列1层/ [索取号:TU984/W866] | 在馆 | |
| 5 | 1454552 | 214545526 | 建筑库201/201建筑库 61排3列1层/ [索取号:TU984/W866] | 在馆 | |
| 6 | 1454553 | 214545535 | 建筑库201/201建筑库 61排3列1层/ [索取号:TU984/W866] | 在馆 | |
| 7 | 1454554 | 214545544 | 建筑库201/201建筑库 61排3列1层/ [索取号:TU984/W866] | 在馆 | |
| 8 | 1454555 | 214545553 | 建筑库201/201建筑库 61排3列1层/ [索取号:TU984/W866] | 在馆 |